000 00899nam a2200265 i 4500
001 58400
003 ES-MaACL
005 20250920063041.0
007 t|
008 031022s1974 sp ||||1| spa d
020 _a84-344-1755-3
080 _a303
100 1 _aDuverger, Maurice,
_d1917-2014
_946383
245 1 0 _aMétodos de las ciencias sociales /
_cMaurice Duverger ; prólogo de Enrique Tierno Galván ; [traducción de Alfonso Sureda].
250 _a7ª ed.
260 _aBarcelona :
_bAriel,
_c1974.
300 _a593 p. ;
_c19 cm.
490 1 _aDemos. Biblioteca de ciencia política
650 4 _aCiencias sociales-
_xMetodología
_910996
700 1 _aTierno Galván, Enrique,
_d1918-1986
_9110235
700 1 _aSureda i Carrión, Alfons.
_9108823
830 1 _aDemos. Biblioteca de ciencia política
_9182643
852 4 _aES-MaACL
_jC-56656
999 _c58400
_d58400